The noble scholar, jurist, historian


 His Excellency Dr. Abdul Wahhab bin Ibrahim Abu Sulaiman, may Allah have mercy on him.


 He was born in Umm Al-Qura in the year 1356 AH.

المدخل الشامل إلى معاملات وعمليات المصارف الإسلامية / (Record no. 3587)

MARC details
000 -LEADER
fixed length control field 02725cam a22003251i 4500
003 - CONTROL NUMBER IDENTIFIER
control field SA-RiAUC
005 - DATE AND TIME OF LATEST TRANSACTION
control field 20241217082457.0
008 - FIXED-LENGTH DATA ELEMENTS--GENERAL INFORMATION
fixed length control field 241216s2015____jo g 000 0 ara c
020 ## - INTERNATIONAL STANDARD BOOK NUMBER
International Standard Book Number 9789957801694
024 0# - OTHER STANDARD IDENTIFIER
Standard number or code 00000000973840
035 ## - SYSTEM CONTROL NUMBER
System control number ADRIF2018-1089
040 ## - CATALOGING SOURCE
Original cataloging agency SA-RiIMS
Language of cataloging ara
Transcribing agency SA-RiAUC
Modifying agency AE-DuMBRL
Description conventions rda
050 #4 - LIBRARY OF CONGRESS CALL NUMBER
Item number .I77 2015
082 04 - DEWEY DECIMAL CLASSIFICATION NUMBER
Classification number 332.1221
Assigning agency SA-RiAUC
090 ## - LOCALLY ASSIGNED LC-TYPE CALL NUMBER (OCLC); LOCAL CALL NUMBER (RLIN)
Classification number (OCLC) (R) ; Classification number, CALL (RLIN) (NR) 332.1221
Local cutter number (OCLC) ; Book number/undivided call number, CALL (RLIN) أ ر ش
100 1# - MAIN ENTRY--PERSONAL NAME
Personal name أرشيد، محمود عبد الكريم أحمد
Relator term مؤلف.
245 12 - TITLE STATEMENT
Title المدخل الشامل إلى معاملات وعمليات المصارف الإسلامية /
Statement of responsibility, etc. الدكتور محمود عبد الكريم أحمد أرشيد.
250 ## - EDITION STATEMENT
Edition statement الطبعة الأولى.
264 #1 - PRODUCTION, PUBLICATION, DISTRIBUTION, MANUFACTURE, AND COPYRIGHT NOTICE
Place of production, publication, distribution, manufacture عمان، الأردن :
Name of producer, publisher, distributor, manufacturer دار النفائس للنشر والتوزيع،
Date of production, publication, distribution, manufacture, or copyright notice 2015.
300 ## - PHYSICAL DESCRIPTION
Extent 382 صفحة ؛
Dimensions 24 × 17 سم
336 ## - CONTENT TYPE
Content type term نص
Content type code txt
Source rdacontent
Materials specified كتاب
337 ## - MEDIA TYPE
Media type term بدون وسيط
Media type code n
Source rdamedia
338 ## - CARRIER TYPE
Carrier type term مجلد
Carrier type code nc
Source rdacarrier
504 ## - BIBLIOGRAPHY, ETC. NOTE
Bibliography, etc. note يشتمل على إرجاعات ببليوجرافية.
520 ## - SUMMARY, ETC.
Summary, etc. يتناول كتاب (المدخل الشامل إلى معاملات وعمليات المصارف الإسلامية) والذي قام بتأليفه د. محمود عبد الكريم إرشيد، موضوع (المصارف الإسلامية) هذا الكتاب وضعه مؤلفه على وفق منهج دراسي، ليسد حاجة الدارس المبتدي، وليكون مرجعاً سهلا للعاملين في المصارف الإسلامية، بل لكل شخص يريد معرفة النشاط المصرفي الإسلامي. متضمنا مقدمة عن نشأة المصرف وتعريفه وبواعثه، وعرف الربا تعريفا موجزا لما له من علاقة بالمصرف. وثلاثة أبواب، الأول عن النشاط المصرفي الاقتصادي الإسلامي في السوق. وفي الثاني تحدث عن العمليات التابعة للنشاط المصرفي مثل: الرقابة الشرعية والمصرفية، وإعداد الموازنة التخطيطية في المصرف الإسلامي، ودراسة الجدوى وتوزيع الأرباح في المصارف الإسلامية، وعلاقة المصرف الإسلامي بالمصرف المركزي. أما الثالث فاحتوى على النشاط المصرفي الإسلامي الاجتماعي والثقافي.
650 #7 - SUBJECT ADDED ENTRY--TOPICAL TERM
Topical term or geographic name entry element البنوك الإسلامية
Source of heading or term aucsh
942 ## - ADDED ENTRY ELEMENTS (KOHA)
Source of classification or shelving scheme Dewey Decimal Classification
Koha item type Books
Suppress in OPAC No
949 ## - LOCAL PROCESSING INFORMATION (OCLC)
a SA-JeALM
d 241216
u mohamedma123
n 1
Holdings
Withdrawn status Lost status Source of classification or shelving scheme Damaged status Not for loan Home library Current library Date acquired Total checkouts Full call number Barcode Date last seen Price effective from Koha item type
    Dewey Decimal Classification     DR AbdElwahab Library DR AbdElwahab Library 12/17/2024   332.1221 ا ر ش 000005569 12/17/2024 12/17/2024 Books
    Dewey Decimal Classification     DR AbdElwahab Library DR AbdElwahab Library 06/03/2025   332.1221 ا ر ش 000014308 06/03/2025 06/03/2025 Books